Chuyên đề một số hợp chất thiên nhiên Tài liệu tham khảo dùng cho sv đại học chuyên ngành hóa

Đã lưu trong:
书目详细资料
主要作者: Lê Văn Đãng
格式: 图书
出版: Tp.HCM ĐH Quốc gia 2005
主题:
标签: 添加标签
没有标签, 成为第一个标记此记录!
Thư viện lưu trữ: Trung tâm Học liệu Lê Vũ Hùng, Trường Đại học Đồng Tháp
LEADER 00869pam a22002298a 4500
001 00020582
005 20171026081022.0
008 110518s2005 ||||||Viesd
041 0 # |a Vie 
082 1 # |a 547.007 1  |b CH527Đ 
100 0 # |a Lê Văn Đãng 
245 0 0 |a Chuyên đề một số hợp chất thiên nhiên  |b Tài liệu tham khảo dùng cho sv đại học chuyên ngành hóa  |c Lê Văn Đãng 
260 # # |a Tp.HCM  |b ĐH Quốc gia  |c 2005 
300 # # |a 296 tr.  |b sơ đồ  |c 21 cm. 
500 # # |a Trường ĐH Sư phạm Tp HCM. Khoa Hóa 
650 |a Giáo trình 
650 |a Hợp chất 
653 # # |a Hợp chất hữu cơ 
852 # # |b Kho đọc  |j KD.0005953 
852 # # |j KD.0005953 
910 # # |a nhnam  |d 18/05/2011 
980 # # |a Trung tâm Học liệu Lê Vũ Hùng, Trường Đại học Đồng Tháp